[Event "Bad Soden sim2"]
[Site "Bad Soden"]
[Date "2019.10.03"]
[Round "1.7"]
[White "Keymer, Vincent"]
[Black "Herrmann, Adrian"]
[Result "1-0"]
[WhiteElo "2506"]
[BlackElo "1577"]
[PlyCount "55"]
[EventDate "2019.10.03"]
[EventType "simul"]
[EventRounds "1"]
[EventCountry "GER"]
[SourceTitle "EXT 2021"]
[Source "ChessBase"]
[SourceDate "2020.10.23"]
[SourceVersion "1"]
[SourceVersionDate "2020.10.23"]
[SourceQuality "1"]

1. d4 d5 2. c4 c6 3. Nf3 Nf6 4. e3 Nbd7 5. Nc3 dxc4 6. Bxc4 Nb6 7. Bb3 Bf5 8. 0-0 e6 9. Qe2 Be7 10. h3 0-0 11. e4 Bg6 12. Rd1 Qc7 13. Ne5 Rad8 14. Bf4 Qc8 15. Rac1 Nbd7 16. Nxg6 hxg6 17. d5 exd5 18. exd5 Rfe8 19. dxc6 Qxc6 20. Nd5 Bc5 21. Qf3 Nxd5 22. Bxd5 Qb6 23. Bc7 Qxc7 24. Qxf7+ Kh7 25. Rc4 Re5 26. Rh4+ Rh5 27. Rxh5+ gxh5 28. Qxh5# 1-0